Eurovision Song Contest 2011 - Semi-Final 2 Results - Statistics

General Stats
  • This quiz has been taken 6 times
    0 since last reset
  • The average score is 0 of 19
Answer Stats
Answer % Correct
Austria 960px-Flag_of_Austria.svg.png
0%
Belarus 960px-Flag_of_Belarus_%281995%E2%80%932012%29.svg.png
0%
Belgium 960px-Flag_of_Belgium.svg.png
0%
Bosnia & Herzegovina 960px-Flag_of_Bosnia_and_Herzegovina.svg.png
0%
Bulgaria 960px-Flag_of_Bulgaria.svg.png
0%
Cyprus 960px-Flag_of_Cyprus.svg.png
0%
Denmark 960px-Flag_of_Denmark.svg.png
0%
Estonia 960px-Flag_of_Estonia.svg.png
0%
F.Y.R. Macedonia 960px-Flag_of_North_Macedonia.svg.png
0%
Ireland 960px-Flag_of_Ireland.svg.png
0%
Israel 960px-Flag_of_Israel.svg.png
0%
Latvia 960px-Flag_of_Latvia.svg.png
0%
Moldova 960px-Flag_of_Moldova.svg.png
0%
Netherlands 960px-Flag_of_the_Netherlands.svg.png
0%
Romania 960px-Flag_of_Romania.svg.png
0%
Slovakia 960px-Flag_of_Slovakia.svg.png
0%
Slovenia 960px-Flag_of_Slovenia.svg.png
0%
Sweden 960px-Flag_of_Sweden.svg.png?20240819095330
0%
Ukraine 960px-Flag_of_Ukraine.svg.png
0%
No matching quizzes found
Score Distribution
Percent of People with Each Score
Percentile by Number Answered
Your Score History
You have not taken this quiz since the last reset